[Event "Deutsche Ländermeisterschaft 2022"]
[Site "Wiesbaden GER"]
[Date "2022.10.02"]
[Round "4"]
[White "Lutsko, Artem"]
[Black "Krastev, Alexander"]
[Result "0-1"]
[Termination "normal"]
[Board "1.1"]
[WhiteTitle "IM"]
[BlackTitle "IM"]
[WhiteElo "2431"]
[BlackElo "2431"]
[WhiteClock "00:15:00"]
[BlackClock "00:03:38"]
[WhiteTeam "Bayern"]
[BlackTeam "Nordrhein-Westfalen"]
[PlyCount "120"]
[WhiteFideId "14188767"]
[BlackFideId "12989983"]
[EventCountry "GER"]
[EventRounds "7"]
[EventType "team-swiss"]
[EventDate "2022.09.30"]

1. d4 {[%clk 1:30:30]} Nf6 {[%clk 1:30:58]} 2. c4 {[%clk 1:31:24]} e6 {[%clk
1:31:23]} 3. Nf3 {[%clk 1:31:51]} c5 {[%clk 1:31:48]} 4. d5 {[%clk 1:32:16]} d6
{[%clk 1:32:14]} 5. Nc3 {[%clk 1:32:34]} exd5 {[%clk 1:32:38]} 6. cxd5 {[%clk
1:33:01]} g6 {[%clk 1:33:00]} 7. Nd2 {[%clk 1:33:14]} Bg7 {[%clk 1:33:22]} 8.
e4 {[%clk 1:33:42]} O-O {[%clk 1:33:45]} 9. Be2 {[%clk 1:34:08]} Re8 {[%clk
1:34:09]} 10. O-O {[%clk 1:34:33]} Nbd7 {[%clk 1:34:32]} 11. Re1 {[%clk
1:32:26]} a6 {[%clk 1:31:58]} 12. a4 {[%clk 1:32:51]} Ne5 {[%clk 1:32:17]} 13.
Nf1 {[%clk 1:32:35]} Bg4 {[%clk 1:22:12]} 14. Bxg4 {[%clk 1:22:39]} Nexg4
{[%clk 1:22:06]} 15. a5 {[%clk 1:05:29]} Ne5 {[%clk 1:16:05]} 16. Ne3 {[%clk
0:59:49]} c4 {[%clk 1:12:23]} 17. Re2 {[%clk 0:54:58]} Rc8 {[%clk 1:10:05]} 18.
Ra4 {[%clk 0:46:04]} Nfd7 {[%clk 0:58:01]} 19. f4 {[%clk 0:26:12]} Nd3 {[%clk
0:57:24]} 20. Rxc4 {[%clk 0:21:35]} Nxc1 {[%clk 0:57:02]} 21. Qxc1 {[%clk
0:21:40]} Qxa5 {[%clk 0:57:11]} 22. Ncd1 {[%clk 0:16:34]} Rxc4 {[%clk 0:38:57]}
23. Qxc4 {[%clk 0:17:03]} Qc5 {[%clk 0:39:00]} 24. Kf1 {[%clk 0:14:46]} b5
{[%clk 0:37:48]} 25. Qd3 {[%clk 0:14:00]} Qc1 {[%clk 0:29:23]} 26. Qc2 {[%clk
0:13:18]} Qxc2 {[%clk 0:27:51]} 27. Nxc2 {[%clk 0:13:47]} Nc5 {[%clk 0:28:07]}
28. Nb4 {[%clk 0:14:16]} a5 {[%clk 0:11:46]} 29. Nc6 {[%clk 0:14:44]} Nxe4
{[%clk 0:12:05]} 30. Nxa5 {[%clk 0:14:52]} f5 {[%clk 0:12:18]} 31. Nf2 {[%clk
0:12:39]} Nf6 {[%clk 0:12:34]} 32. Rd2 {[%clk 0:09:44]} Ra8 {[%clk 0:10:45]}
33. Nc6 {[%clk 0:08:43]} Ra1+ {[%clk 0:08:08]} 34. Ke2 {[%clk 0:09:11]} Nd7
{[%clk 0:06:47]} 35. Rc2 {[%clk 0:02:58]} Nb6 {[%clk 0:04:26]} 36. Ne7+ {[%clk
0:02:23]} Kf8 {[%clk 0:04:51]} 37. Nc8 {[%clk 0:02:50]} Nxd5 {[%clk 0:04:05]}
38. Nxd6 {[%clk 0:03:15]} Nxf4+ {[%clk 0:01:37]} 39. Kf3 {[%clk 0:03:44]} Ne6
{[%clk 0:01:34]} 40. Nxb5 {[%clk 0:03:31]} Ra8 {[%clk 0:00:48]} 41. Rd2 {[%clk
0:00:36]} Rb8 {[%clk 0:19:01]} 42. Nc3 {[%clk 0:27:20]} Bh6 {[%clk 0:19:05]}
43. Rd6 {[%clk 0:26:22]} Ng5+ {[%clk 0:19:30]} 44. Ke2 {[%clk 0:26:49]} Rxb2+
{[%clk 0:19:40]} 45. Ke1 {[%clk 0:27:17]} Nf7 {[%clk 0:17:29]} 46. Rd5 {[%clk
0:27:35]} Bg7 {[%clk 0:15:46]} 47. Ncd1 {[%clk 0:27:48]} Ra2 {[%clk 0:15:58]}
48. Rb5 {[%clk 0:24:49]} Be5 {[%clk 0:14:50]} 49. g3 {[%clk 0:24:46]} Bd4
{[%clk 0:14:40]} 50. Rd5 {[%clk 0:24:00]} Ne5 {[%clk 0:14:10]} 51. Kf1 {[%clk
0:24:08]} Rd2 {[%clk 0:14:08]} 52. h4 {[%clk 0:20:31]} h6 {[%clk 0:08:43]} 53.
Ke1 {[%clk 0:19:58]} Nf3+ {[%clk 0:09:08]} 54. Kf1 {[%clk 0:20:25]} Kf7 {[%clk
0:08:02]} 55. Rd6 {[%clk 0:18:34]} g5 {[%clk 0:05:20]} 56. Rxh6 {[%clk
0:14:21]} Bxf2 {[%clk 0:02:48]} 57. Nxf2 {[%clk 0:14:50]} Nh2+ {[%clk 0:03:12]}
58. Ke1 {[%clk 0:14:43]} Rxf2 {[%clk 0:03:36]} 59. hxg5 {[%clk 0:15:03]} Ng4
{[%clk 0:04:00]} 60. Rb6 {[%clk 0:15:00]} Rf3 {[%clk 0:03:38]} 0-1

[Event "Deutsche Ländermeisterschaft 2022"]
[Site "Wiesbaden GER"]
[Date "2022.10.02"]
[Round "4"]
[White "Leonard, Timo"]
[Black "Kolb, Tobias"]
[Result "1/2-1/2"]
[Termination "normal"]
[Board "1.2"]
[BlackTitle "FM"]
[WhiteElo "2067"]
[BlackElo "2357"]
[WhiteClock "00:01:04"]
[BlackClock "00:14:40"]
[WhiteTeam "Nordrhein-Westfalen"]
[BlackTeam "Bayern"]
[PlyCount "98"]
[WhiteFideId "16208757"]
[BlackFideId "12992321"]
[EventCountry "GER"]
[EventRounds "7"]
[EventType "team-swiss"]
[EventDate "2022.09.30"]

1. d4 {[%clk 1:30:57]} d5 {[%clk 1:30:57]} 2. c4 {[%clk 1:31:24]} e6 {[%clk
1:31:24]} 3. Nf3 {[%clk 1:31:51]} a6 {[%clk 1:31:51]} 4. Bg5 {[%clk 1:31:04]}
Nf6 {[%clk 1:32:17]} 5. cxd5 {[%clk 1:27:57]} exd5 {[%clk 1:32:42]} 6. Nc3
{[%clk 1:28:21]} Be7 {[%clk 1:32:00]} 7. e3 {[%clk 1:24:01]} h6 {[%clk
1:30:37]} 8. Bh4 {[%clk 1:22:27]} O-O {[%clk 1:30:53]} 9. Bd3 {[%clk 1:22:39]}
Nbd7 {[%clk 1:29:46]} 10. O-O {[%clk 1:20:45]} c6 {[%clk 1:29:56]} 11. Qc2
{[%clk 1:20:20]} Re8 {[%clk 1:30:22]} 12. Bg3 {[%clk 1:17:35]} Nf8 {[%clk
1:17:55]} 13. h3 {[%clk 1:15:31]} Ne6 {[%clk 1:10:21]} 14. Rab1 {[%clk
1:11:36]} g6 {[%clk 0:53:19]} 15. b4 {[%clk 1:01:11]} Ng7 {[%clk 0:53:13]} 16.
Bf4 {[%clk 0:54:48]} h5 {[%clk 0:52:30]} 17. a4 {[%clk 0:52:24]} Bf5 {[%clk
0:52:23]} 18. Bxf5 {[%clk 0:49:48]} Nxf5 {[%clk 0:52:15]} 19. b5 {[%clk
0:46:50]} cxb5 {[%clk 0:46:52]} 20. axb5 {[%clk 0:47:01]} a5 {[%clk 0:47:14]}
21. Qb3 {[%clk 0:45:21]} Bb4 {[%clk 0:38:16]} 22. Na2 {[%clk 0:38:25]} Be7
{[%clk 0:37:35]} 23. Nc3 {[%clk 0:36:35]} Bb4 {[%clk 0:38:02]} 24. Bg5 {[%clk
0:24:27]} Bxc3 {[%clk 0:37:41]} 25. Bxf6 {[%clk 0:23:48]} Qxf6 26. Qxc3 {[%clk
0:24:14]} Nd6 {[%clk 0:37:32]} 27. Qc5 {[%clk 0:21:55]} Ne4 {[%clk 0:37:47]}
28. Qxd5 {[%clk 0:18:19]} Nc3 {[%clk 0:38:12]} 29. Qxb7 {[%clk 0:18:46]} Nxb1
{[%clk 0:38:32]} 30. Rxb1 {[%clk 0:19:13]} Reb8 {[%clk 0:26:47]} 31. Qd5 {[%clk
0:15:39]} Qf5 {[%clk 0:26:32]} 32. Qxf5 {[%clk 0:16:05]} gxf5 {[%clk 0:27:00]}
33. Ne5 {[%clk 0:14:05]} a4 {[%clk 0:27:05]} 34. Nd7 {[%clk 0:13:49]} Rb7
{[%clk 0:27:05]} 35. Nc5 {[%clk 0:14:07]} Rb6 {[%clk 0:27:32]} 36. Ra1 {[%clk
0:09:37]} a3 {[%clk 0:24:12]} 37. Na6 {[%clk 0:09:37]} Ra7 {[%clk 0:23:10]} 38.
Rxa3 {[%clk 0:09:52]} Rxb5 {[%clk 0:23:38]} 39. Ra4 {[%clk 0:09:57]} Rb1+
{[%clk 0:23:00]} 40. Kh2 {[%clk 0:10:21]} h4 {[%clk 0:20:54]} 41. g3 {[%clk
0:01:50]} Rb2 {[%clk 0:18:26]} 42. Kg2 {[%clk 0:01:20]} hxg3 {[%clk 0:18:02]}
43. Kxg3 {[%clk 0:01:46]} f4+ {[%clk 0:17:00]} 44. Kxf4 {[%clk 0:01:22]} Rxf2+
{[%clk 0:17:27]} 45. Kg3 {[%clk 0:01:15]} Re2 {[%clk 0:17:09]} 46. Kf3 {[%clk
0:01:33]} Rh2 {[%clk 0:17:33]} 47. Kg3 {[%clk 0:01:54]} Re2 {[%clk 0:15:46]}
48. Kf3 {[%clk 0:01:56]} Rh2 {[%clk 0:15:18]} 49. Kg3 {[%clk 0:01:04]} Re2
{[%clk 0:14:40]} 1/2-1/2

[Event "Deutsche Ländermeisterschaft 2022"]
[Site "Wiesbaden GER"]
[Date "2022.10.02"]
[Round "4"]
[White "Schneider, Jana"]
[Black "Gluma, Christian"]
[Result "1-0"]
[Termination "normal"]
[Board "1.3"]
[WhiteTitle "FM"]
[WhiteElo "2323"]
[BlackElo "2107"]
[WhiteClock "00:09:27"]
[BlackClock "00:00:32"]
[WhiteTeam "Bayern"]
[BlackTeam "Nordrhein-Westfalen"]
[PlyCount "105"]
[WhiteFideId "12924997"]
[BlackFideId "16223209"]
[EventCountry "GER"]
[EventRounds "7"]
[EventType "team-swiss"]
[EventDate "2022.09.30"]

1. e4 {[%clk 1:30:57]} g6 {[%clk 1:30:57]} 2. d4 {[%clk 1:31:17]} Bg7 {[%clk
1:31:23]} 3. Nf3 {[%clk 1:31:35]} c6 {[%clk 1:31:46]} 4. h3 {[%clk 1:31:54]} d5
{[%clk 1:32:01]} 5. e5 {[%clk 1:32:16]} f6 {[%clk 1:32:01]} 6. c4 {[%clk
1:32:24]} fxe5 {[%clk 1:31:22]} 7. dxe5 {[%clk 1:30:48]} e6 {[%clk 1:30:03]} 8.
Nc3 {[%clk 1:28:45]} Nd7 {[%clk 1:26:17]} 9. Bf4 {[%clk 1:27:40]} Nh6 {[%clk
1:23:39]} 10. Bd3 {[%clk 1:19:18]} O-O {[%clk 1:13:55]} 11. Bh2 {[%clk
1:19:10]} b6 {[%clk 0:57:24]} 12. cxd5 {[%clk 1:18:46]} cxd5 {[%clk 0:48:12]}
13. O-O {[%clk 1:16:38]} Nc5 {[%clk 0:45:35]} 14. Bc2 {[%clk 1:14:37]} Bb7
{[%clk 0:41:48]} 15. Re1 {[%clk 1:14:02]} Nf5 {[%clk 0:39:45]} 16. Nb5 {[%clk
1:09:31]} Qd7 {[%clk 0:35:13]} 17. Nbd4 {[%clk 1:08:44]} Nxd4 {[%clk 0:32:44]}
18. Nxd4 {[%clk 1:08:11]} Qf7 {[%clk 0:32:12]} 19. f3 {[%clk 1:04:43]} Qe7
{[%clk 0:29:47]} 20. Qd2 {[%clk 1:02:10]} Rae8 {[%clk 0:25:28]} 21. b4 {[%clk
1:01:30]} Nd7 {[%clk 0:25:00]} 22. Bg3 {[%clk 0:59:36]} Nb8 {[%clk 0:22:47]}
23. Ba4 {[%clk 0:56:56]} Rc8 {[%clk 0:22:22]} 24. Rac1 {[%clk 0:55:01]} Rc4
{[%clk 0:19:08]} 25. Bb3 {[%clk 0:45:30]} Rcc8 {[%clk 0:18:48]} 26. a3 {[%clk
0:44:21]} Kh8 {[%clk 0:14:06]} 27. Ba4 {[%clk 0:42:30]} a6 {[%clk 0:10:05]} 28.
Bf2 {[%clk 0:39:16]} Rxc1 {[%clk 0:08:32]} 29. Qxc1 {[%clk 0:32:36]} Rc8 {[%clk
0:08:31]} 30. Qf4 {[%clk 0:32:24]} b5 {[%clk 0:06:12]} 31. Bb3 {[%clk 0:30:42]}
Nc6 {[%clk 0:05:48]} 32. Bh4 {[%clk 0:27:55]} Qd7 {[%clk 0:05:36]} 33. Bf6
{[%clk 0:21:14]} Nxd4 {[%clk 0:04:28]} 34. Qxd4 {[%clk 0:20:40]} Kg8 {[%clk
0:04:15]} 35. Re3 {[%clk 0:16:04]} Bh6 {[%clk 0:02:33]} 36. f4 {[%clk 0:15:37]}
Qc7 {[%clk 0:02:23]} 37. Rf3 {[%clk 0:11:17]} Bg7 {[%clk 0:01:06]} 38. Bh4
{[%clk 0:08:25]} Bf8 {[%clk 0:00:52]} 39. f5 {[%clk 0:04:12]} gxf5 {[%clk
0:00:54]} 40. Rg3+ {[%clk 0:03:12]} Kf7 {[%clk 0:00:53]} 41. Bd1 {[%clk
0:28:37]} Bh6 {[%clk 0:22:13]} 42. Kh2 {[%clk 0:24:06]} Qc4 {[%clk 0:15:01]}
43. Qb6 {[%clk 0:23:17]} Qc6 {[%clk 0:14:39]} 44. Qd4 {[%clk 0:21:57]} Qc4
{[%clk 0:13:58]} 45. Qb6 {[%clk 0:16:33]} Qc6 {[%clk 0:13:23]} 46. Qf2 {[%clk
0:15:00]} Qc4 {[%clk 0:10:29]} 47. Bg5 {[%clk 0:12:28]} Bxg5 {[%clk 0:07:27]}
48. Rxg5 {[%clk 0:12:57]} Rc7 {[%clk 0:01:13]} 49. Bh5+ {[%clk 0:11:00]} Ke7
{[%clk 0:01:08]} 50. Rg8 {[%clk 0:08:45]} Kd7 {[%clk 0:00:39]} 51. Be8+ {[%clk
0:09:00]} Ke7 {[%clk 0:00:45]} 52. Qg3 {[%clk 0:09:11]} Qe4 {[%clk 0:00:32]}
53. Qg5# {[%clk 0:09:27]} 1-0

[Event "Deutsche Ländermeisterschaft 2022"]
[Site "Wiesbaden GER"]
[Date "2022.10.02"]
[Round "4"]
[White "Besou, Hussain"]
[Black "Huber, Benedikt"]
[Result "0-1"]
[Termination "normal"]
[Board "1.4"]
[BlackTitle "FM"]
[WhiteElo "2119"]
[BlackElo "2299"]
[WhiteClock "00:26:24"]
[BlackClock "00:03:29"]
[WhiteTeam "Nordrhein-Westfalen"]
[BlackTeam "Bayern"]
[PlyCount "134"]
[WhiteFideId "16269950"]
[BlackFideId "12923583"]
[EventCountry "GER"]
[EventRounds "7"]
[EventType "team-swiss"]
[EventDate "2022.09.30"]

1. d4 {[%clk 1:30:55]} d5 {[%clk 1:30:53]} 2. c4 {[%clk 1:31:17]} e6 {[%clk
1:31:15]} 3. Nf3 {[%clk 1:31:40]} Nf6 {[%clk 1:31:30]} 4. g3 {[%clk 1:32:02]}
dxc4 {[%clk 1:31:52]} 5. Bg2 {[%clk 1:32:23]} c5 {[%clk 1:32:12]} 6. O-O {[%clk
1:32:44]} Nc6 {[%clk 1:32:34]} 7. dxc5 {[%clk 1:33:07]} Qxd1 {[%clk 1:32:53]}
8. Rxd1 {[%clk 1:33:31]} Bxc5 {[%clk 1:33:16]} 9. Nbd2 {[%clk 1:33:55]} c3
{[%clk 1:33:38]} 10. bxc3 {[%clk 1:34:20]} O-O {[%clk 1:33:58]} 11. Nb3 {[%clk
1:32:31]} Be7 {[%clk 1:34:16]} 12. Nfd4 {[%clk 1:32:38]} Nxd4 {[%clk 1:34:05]}
13. cxd4 {[%clk 1:31:26]} Nd5 {[%clk 1:34:27]} 14. e4 {[%clk 1:25:25]} Nc3
{[%clk 1:33:18]} 15. Re1 {[%clk 1:21:36]} Bd7 {[%clk 1:19:08]} 16. Bd2 {[%clk
1:17:26]} Rac8 {[%clk 1:18:57]} 17. Re3 {[%clk 1:14:35]} Nb5 {[%clk 1:14:14]}
18. Rd3 {[%clk 1:00:38]} Rfd8 {[%clk 1:05:44]} 19. Na5 {[%clk 0:53:27]} Be8
{[%clk 0:46:48]} 20. d5 {[%clk 0:46:51]} b6 {[%clk 0:35:34]} 21. Nb3 {[%clk
0:47:04]} exd5 {[%clk 0:28:45]} 22. exd5 {[%clk 0:47:05]} Bf6 {[%clk 0:28:58]}
23. Rc1 {[%clk 0:39:06]} Rxc1+ {[%clk 0:27:39]} 24. Nxc1 {[%clk 0:39:02]} Nd6
{[%clk 0:24:55]} 25. Be3 {[%clk 0:32:39]} Bb5 {[%clk 0:18:31]} 26. Rd1 {[%clk
0:32:39]} Bc4 {[%clk 0:17:39]} 27. Nb3 {[%clk 0:31:33]} Nb5 {[%clk 0:17:15]}
28. Rd2 {[%clk 0:30:01]} Kf8 {[%clk 0:11:21]} 29. Nd4 {[%clk 0:28:16]} Nxd4
{[%clk 0:07:58]} 30. Bxd4 {[%clk 0:28:40]} Bxd4 {[%clk 0:08:23]} 31. Rxd4
{[%clk 0:29:05]} Bxa2 {[%clk 0:08:47]} 32. Ra4 {[%clk 0:29:31]} Bb3 {[%clk
0:09:05]} 33. Rxa7 {[%clk 0:29:54]} Bxd5 {[%clk 0:09:31]} 34. Bxd5 {[%clk
0:29:30]} Rxd5 {[%clk 0:09:56]} 35. Rb7 {[%clk 0:29:19]} Rd6 {[%clk 0:08:47]}
36. Kg2 {[%clk 0:29:09]} g6 {[%clk 0:06:30]} 37. Kf3 {[%clk 0:28:38]} Kg7
{[%clk 0:06:30]} 38. h4 {[%clk 0:28:22]} Kf6 {[%clk 0:03:18]} 39. Ke4 {[%clk
0:27:04]} Ke6 {[%clk 0:02:57]} 40. f3 {[%clk 0:27:00]} h6 {[%clk 0:01:03]} 41.
Rb8 {[%clk 0:25:52]} f5+ {[%clk 0:11:52]} 42. Kf4 {[%clk 0:52:57]} h5 {[%clk
0:10:40]} 43. Rb7 {[%clk 0:36:39]} Kd5 {[%clk 0:10:08]} 44. g4 {[%clk 0:34:53]}
fxg4 {[%clk 0:10:16]} 45. fxg4 {[%clk 0:35:17]} hxg4 {[%clk 0:05:12]} 46. Kxg4
{[%clk 0:35:38]} Kc6 {[%clk 0:03:49]} 47. Rb8 {[%clk 0:35:45]} Kc7 {[%clk
0:03:33]} 48. Rf8 {[%clk 0:34:08]} b5 {[%clk 0:03:36]} 49. Rf7+ {[%clk
0:32:25]} Kc6 {[%clk 0:03:49]} 50. Rf8 {[%clk 0:32:49]} b4 {[%clk 0:03:06]} 51.
Rb8 {[%clk 0:32:46]} Kc5 {[%clk 0:03:23]} 52. Kg5 {[%clk 0:31:21]} Kc4 {[%clk
0:03:33]} 53. Rc8+ {[%clk 0:31:22]} Kd4 {[%clk 0:02:39]} 54. Rb8 {[%clk
0:31:44]} Kc3 {[%clk 0:03:06]} 55. Rc8+ {[%clk 0:32:09]} Kd2 {[%clk 0:02:12]}
56. Rb8 {[%clk 0:32:23]} Kc3 {[%clk 0:02:02]} 57. Rc8+ {[%clk 0:32:48]} Kb3
{[%clk 0:01:39]} 58. Rg8 {[%clk 0:33:02]} Kc4 {[%clk 0:01:47]} 59. Rc8+ {[%clk
0:32:39]} Kd5 {[%clk 0:01:16]} 60. Rb8 {[%clk 0:33:01]} Kc5 {[%clk 0:01:17]}
61. Rc8+ {[%clk 0:33:26]} Rc6 {[%clk 0:01:34]} 62. Rb8 {[%clk 0:33:03]} Kc4
{[%clk 0:01:57]} 63. Rf8 {[%clk 0:31:33]} b3 {[%clk 0:02:14]} 64. Rf4+ {[%clk
0:25:09]} Kc3 {[%clk 0:02:26]} 65. Rf3+ {[%clk 0:25:34]} Kb4 {[%clk 0:02:44]}
66. Rf4+ {[%clk 0:26:00]} Ka3 {[%clk 0:03:08]} 67. Rf3 {[%clk 0:26:24]} Ka2
{[%clk 0:03:29]} 0-1

[Event "Deutsche Ländermeisterschaft 2022"]
[Site "Wiesbaden GER"]
[Date "2022.10.02"]
[Round "4"]
[White "Wunderlich, Elias"]
[Black "Rudolph, Eva"]
[Result "1/2-1/2"]
[Termination "normal"]
[Board "1.5"]
[WhiteElo "1815"]
[BlackElo "1911"]
[WhiteClock "00:05:46"]
[BlackClock "00:04:21"]
[WhiteTeam "Bayern"]
[BlackTeam "Nordrhein-Westfalen"]
[PlyCount "67"]
[WhiteFideId "34608087"]
[BlackFideId "16200594"]
[EventCountry "GER"]
[EventRounds "7"]
[EventType "team-swiss"]
[EventDate "2022.09.30"]

1. e4 {[%clk 1:30:57]} c5 {[%clk 1:30:55]} 2. c3 {[%clk 1:31:24]} Nf6 {[%clk
1:31:19]} 3. e5 {[%clk 1:31:49]} Nd5 {[%clk 1:31:44]} 4. Nf3 {[%clk 1:32:13]}
d6 {[%clk 1:31:39]} 5. exd6 {[%clk 1:32:37]} Qxd6 {[%clk 1:22:47]} 6. d4 {[%clk
1:33:01]} cxd4 {[%clk 1:22:06]} 7. Na3 {[%clk 1:33:21]} e6 {[%clk 1:16:07]} 8.
Nb5 {[%clk 1:33:09]} Qd8 {[%clk 1:14:46]} 9. Nbxd4 {[%clk 1:28:52]} Be7 {[%clk
1:12:54]} 10. Bd3 {[%clk 1:27:41]} O-O {[%clk 1:04:51]} 11. O-O {[%clk
1:26:52]} Nd7 {[%clk 1:00:24]} 12. Qe2 {[%clk 1:25:43]} N7f6 {[%clk 1:00:07]}
13. Rd1 {[%clk 1:23:33]} Bd7 {[%clk 0:56:20]} 14. Bc2 {[%clk 1:00:11]} Rc8
{[%clk 0:53:34]} 15. Bg5 {[%clk 0:58:31]} Qc7 {[%clk 0:47:42]} 16. Rac1 {[%clk
0:55:05]} Rfd8 {[%clk 0:45:46]} 17. Bb3 {[%clk 0:37:35]} Qb6 {[%clk 0:39:09]}
18. Ne5 {[%clk 0:25:06]} Be8 {[%clk 0:32:08]} 19. Rc2 {[%clk 0:16:42]} Nd7
{[%clk 0:21:51]} 20. Bxe7 {[%clk 0:14:46]} Nxe7 {[%clk 0:22:09]} 21. Rcd2
{[%clk 0:07:01]} Nxe5 {[%clk 0:18:48]} 22. Qxe5 {[%clk 0:07:29]} Nc6 {[%clk
0:14:29]} 23. Qe3 {[%clk 0:05:49]} Nxd4 {[%clk 0:09:51]} 24. Rxd4 {[%clk
0:06:15]} Rxd4 {[%clk 0:09:11]} 25. Qxd4 {[%clk 0:06:43]} Qxd4 {[%clk 0:08:08]}
26. Rxd4 {[%clk 0:07:12]} Kf8 {[%clk 0:08:23]} 27. f3 {[%clk 0:07:05]} Ke7
{[%clk 0:08:17]} 28. Kf2 {[%clk 0:07:30]} Bc6 {[%clk 0:07:54]} 29. Ke3 {[%clk
0:07:41]} e5 {[%clk 0:07:00]} 30. Rd2 {[%clk 0:08:05]} Be8 {[%clk 0:04:29]} 31.
g3 {[%clk 0:07:12]} Bc6 {[%clk 0:04:25]} 32. Bd5 {[%clk 0:06:48]} Bxd5 {[%clk
0:03:51]} 33. Rxd5 {[%clk 0:07:16]} Ke6 {[%clk 0:04:21]} 34. Rd2 {[%clk
0:05:46]} 1/2-1/2

[Event "Deutsche Ländermeisterschaft 2022"]
[Site "Wiesbaden GER"]
[Date "2022.10.02"]
[Round "4"]
[White "Möller, Maurin"]
[Black "Stichter, Constantin Paul"]
[Result "1-0"]
[Termination "normal"]
[Board "1.6"]
[WhiteElo "1936"]
[BlackElo "1620"]
[WhiteClock "00:21:47"]
[BlackClock "00:00:47"]
[WhiteTeam "Nordrhein-Westfalen"]
[BlackTeam "Bayern"]
[PlyCount "71"]
[WhiteFideId "16265696"]
[BlackFideId "34603140"]
[EventCountry "GER"]
[EventRounds "7"]
[EventType "team-swiss"]
[EventDate "2022.09.30"]

1. e4 {[%clk 1:30:56]} e6 {[%clk 1:30:59]} 2. d4 {[%clk 1:31:20]} d5 {[%clk
1:31:25]} 3. e5 {[%clk 1:31:40]} c5 {[%clk 1:31:51]} 4. c3 {[%clk 1:32:06]} Nc6
{[%clk 1:32:17]} 5. Nf3 {[%clk 1:32:28]} Bd7 {[%clk 1:32:37]} 6. Bd3 {[%clk
1:32:05]} Rc8 {[%clk 1:32:37]} 7. a3 {[%clk 1:31:04]} cxd4 {[%clk 1:25:43]} 8.
O-O {[%clk 1:28:38]} Nge7 {[%clk 1:21:58]} 9. Re1 {[%clk 1:25:24]} Ng6 {[%clk
1:20:03]} 10. g3 {[%clk 1:20:01]} dxc3 {[%clk 1:13:46]} 11. Nxc3 {[%clk
1:19:15]} Qc7 {[%clk 1:09:34]} 12. Qe2 {[%clk 1:13:52]} Bc5 {[%clk 0:56:00]}
13. b4 {[%clk 1:09:37]} Nd4 {[%clk 0:53:19]} 14. Nxd4 {[%clk 1:01:14]} Bxd4
{[%clk 0:52:18]} 15. Nb5 {[%clk 1:00:03]} Bxb5 {[%clk 0:38:07]} 16. Bxb5+
{[%clk 1:00:26]} Kf8 {[%clk 0:36:45]} 17. Bb2 {[%clk 0:59:55]} Bxb2 {[%clk
0:36:50]} 18. Qxb2 {[%clk 1:00:24]} Ke7 {[%clk 0:35:45]} 19. h4 {[%clk
0:53:41]} Rhd8 {[%clk 0:20:25]} 20. h5 {[%clk 0:44:25]} Nf8 {[%clk 0:20:32]}
21. Qd4 {[%clk 0:34:08]} a6 {[%clk 0:12:13]} 22. Bd3 {[%clk 0:30:09]} Qc3
{[%clk 0:09:16]} 23. Qh4+ {[%clk 0:30:08]} Ke8 {[%clk 0:08:47]} 24. Rad1 {[%clk
0:30:26]} Qc6 {[%clk 0:02:21]} 25. Qg5 {[%clk 0:29:08]} g6 {[%clk 0:02:24]} 26.
b5 {[%clk 0:29:36]} Qc5 {[%clk 0:02:06]} 27. bxa6 {[%clk 0:28:42]} bxa6 {[%clk
0:02:28]} 28. Bxa6 {[%clk 0:29:06]} Ra8 {[%clk 0:02:12]} 29. Bb7 {[%clk
0:24:10]} Ra4 {[%clk 0:01:29]} 30. h6 {[%clk 0:22:59]} Rc4 {[%clk 0:01:05]} 31.
Rc1 {[%clk 0:20:33]} d4 {[%clk 0:00:39]} 32. Rxc4 {[%clk 0:20:39]} Qxc4 {[%clk
0:01:08]} 33. Rc1 {[%clk 0:21:01]} Qd3 {[%clk 0:00:41]} 34. Rc7 {[%clk
0:21:06]} Nd7 {[%clk 0:00:46]} 35. Bc6 {[%clk 0:21:27]} Qf5 {[%clk 0:00:47]}
36. Bxd7+ {[%clk 0:21:47]} 1-0